000 00343nam a2200133Ia 4500
008 220216s9999 xx 000 0 und d
100 _aCyriac P.C.
245 0 _aPotential for future natural rubber development
260 _bRubber Board Bulletin
_c1986
300 _a19-21
650 _aOrissa
650 _aRubber cultivation
942 _cBS
999 _c51147
_d51147